书目信息 |
| 题名: |
干旱
|
|
| 作者: | 宋连春 , 邓振镛 , 董安祥 编著 | |
| 分册: | ||
| 出版信息: | 北京 气象出版社 2003.03 |
|
| 页数: | 162页, [4] 页图版 | |
| 开本: | 21cm | |
| 丛书名: | 全球变化热门话题丛书 | |
| 单 册: | ||
| 中图分类: | P426.616 | |
| 科图分类: | ||
| 主题词: | 干旱--研究 | |
| 电子资源: | ||
| ISBN: | 7-5029-3551-7 | |
| 000 | 00956nam 2200277 450 | |
| 001 | 010237289155 | |
| 005 | 20050912143009.60 | |
| 010 | @a7-5029-3551-7@dCNY16.00 | |
| 100 | @a20050912d2003 km y0chiy0120 ea | |
| 101 | 0 | @achi |
| 102 | @aCN@b110000 | |
| 105 | @aaf a 000yy | |
| 200 | 1 | @a干旱@Agan han@f宋连春, 邓振镛, 董安祥等编著@Fsong lian chun,deng zhen yong,dong an xiang deng bian zhu |
| 210 | @a北京@c气象出版社@d2003.03 | |
| 215 | @a162页, [4] 页图版@c图@d21cm | |
| 225 | 2 | @a全球变化热门话题丛书 |
| 320 | @a有书目。 | |
| 330 | @a本书分析了干旱地理分布、干旱的历史变化、干旱监测、干旱指标、干旱气候变化、全球气候变化与干旱、干旱形成原因等内容。 | |
| 410 | 0 | @12001 @a全球变化热门话题丛书 |
| 606 | 0 | @a干旱@x研究 |
| 690 | @aP426.616@v4 | |
| 701 | 0 | @a宋连春@Asong lian chun@4编著 |
| 701 | 0 | @a邓振镛@Adeng zhen yong@4编著 |
| 701 | 0 | @a董安祥@Adong an xiang@4编著 |
| 801 | 0 | @aCN@bQSSK@c20050912 |
| 905 | @a10447@dP426.616@eS770 | |
| 干旱/宋连春, 邓振镛, 董安祥等编著.-北京:气象出版社,2003.03 |
| 162页, [4] 页图版:图;21cm.-(全球变化热门话题丛书) |
| ISBN 7-5029-3551-7:CNY16.00 |
| 本书分析了干旱地理分布、干旱的历史变化、干旱监测、干旱指标、干旱气候变化、全球气候变化与干旱、干旱形成原因等内容。 |
| ● |
| 相关链接 |
|
|
|
正题名:干旱
索取号:P426.616/S770
 
预约/预借
| 序号 | 登录号 | 条形码 | 馆藏地/架位号 | 状态 | 备注 |
| 1 | 569398 | 205693980 | 期刊室512/401自科库 122排1列4层/ [索取号:P426.616/S770] | 在馆 | |
| 2 | 569399 | 205693999 | 自科库401/401自科库 128排1列2层/ [索取号:P426.616/S770] | 在馆 | |
| 3 | 569400 | 205694006 | 期刊室512/401自科库 122排1列4层/ [索取号:P426.616/S770] | 在馆 |